000 00514nam a2200181Ia 4500
005 20250326125206.0
008 250326s9999 xx 000 0 und d
037 _aTextbook
040 _aFMSL
_beng
_cFMSL
041 _aeng
_2eng
084 _aX:97D.44'N65-N50 K7
_qFMSL
100 _aJohri C K
245 0 _aUnionism in a developing economy
_cJohri C K
260 _aNew Delhi
_bNew Delhi, Asia
_c1967
300 _a303p
942 _cTB
_hX:97D.44'N65-N50 K7
999 _c1276943
_d1276943